| 000 | 00345nam a22001457a 4500 | ||
|---|---|---|---|
| 020 | _a978-93-85031-58-8 | ||
| 082 |
_a823 _bSTE/B |
||
| 100 | _aSTEVENSON,ROBERT LOUIS | ||
| 245 | _aTHE BLACK ARROW | ||
| 246 |
_aTHE BLACK ARROW _bTHE BLACK ARROW |
||
| 260 |
_aNOIDA, INDIA _bOM _c2016 |
||
| 300 | _a240 | ||
| 650 | _aENGLISH FICTION | ||
| 942 | _cBK | ||
| 999 |
_c8682 _d8682 |
||